000
00284nam a22001337a 4500
008
181205b xxu||||| |||| 00| 0 eng d
020
_a
9780865424890
041
_a
eng
080
_a
610
100
_a
4
101
_a
shm
245
_a
Primary Care
_c
Daniel.K.O
942
_2
udc
_c
BK
999
_c
52894
_d
52894